|
|
|
|
| LEADER |
00000nam a2200000 a 4500 |
| 005 |
20111216112859.0 |
| 007 |
cr|||| |||| |
| 008 |
110225s2010 spc b 000 0 spa c |
| 017 |
|
|
|a DL SE. 8646-2010
|
| 020 |
|
|
|a 9788476989586
|
| 035 |
|
|
|a 6035
|
| 040 |
|
|
|d vLex
|
| 080 |
|
|
|a 364.65-053.9
|
| 090 |
|
|
|c 2838
|d 2838
|
| 100 |
1 |
|
|a Delgado Garca̕, Ana Mara̕
|
| 245 |
1 |
0 |
|a Vejez, discapacidad y dependencia :
|h [Recurso electrn̤ico] :
|b aspectos fiscales y de proteccin̤ social /
|c Ana Mara̕ Delgado Garca̕, Rafael Oliver Cuello, Ignasi Beltran de Heredia Ruiz
|
| 256 |
|
|
|a Servicio en ln̕ea
|
| 260 |
|
|
|a Barcelona :
|b J. M. Bosch Editor,
|c 2010
|
| 300 |
|
|
|a 1 recurso electrn̤ico
|
| 504 |
|
|
|a Bibliografa̕: p. [223]-238. Índice
|
| 506 |
1 |
|
|a Contenido solo disponible en los productos indicados
|d vLex Global
|d vLex Global (Academic Edition, excluding Law Schools)
|d vLex Global (U.S. Academic Edition, Law Schools)
|d vLex Global (U.S. Academic Edition, excluding Law Schools)
|d vLex Global (Academic Edition, Law Schools)
|
| 650 |
0 |
4 |
|a Pensiones de jubilacin̤
|x Derecho
|z Espaą
|
| 650 |
0 |
4 |
|a Personas mayores
|x Polt̕ica gubernamental
|z Espaą
|
| 650 |
0 |
4 |
|a Personas mayores dependientes
|z Espaą
|
| 650 |
0 |
4 |
|a Personas mayores
|x Condiciones econm̤icas
|
| 650 |
0 |
4 |
|a Personas mayores
|x Condiciones sociales
|
| 700 |
1 |
|
|a Oliver Cuello, Rafael
|
| 700 |
1 |
|
|a Beltrǹ de Heredia Ruiz, Ignasi
|
| 740 |
0 |
|
|a vLex Libros (Servicio en ln̕ea)
|
| 830 |
|
0 |
|a Coleccin̤ de fiscalidad
|
| 856 |
4 |
0 |
|u http://vlex.com/source/6035
|z Acceso restringido
|
| 942 |
|
|
|c BOOK
|
| 999 |
0 |
|
|a Old age pensions
|
| 999 |
0 |
|
|a Labor laws and legislation
|